Normal view
MARC view
- Lee , William H.K. editor
Entry Personal Name
001 - CONTROL NUMBER
- control field: 36378
003 - CONTROL NUMBER IDENTIFIER
- control field: NUST
005 - DATE AND TIME OF LATEST TRANSACTION
- control field: 20210314130013.0
008 - FIXED-LENGTH DATA ELEMENTS
- fixed length control field: 210314|| aca||aabn | a|a d
040 ## - CATALOGING SOURCE
- Original cataloging agency: NUST
- Transcribing agency: NUST
100 ## - HEADING--PERSONAL NAME
- Personal name: Lee , William H.K. editor
670 ## - SOURCE DATA FOUND
- Source citation: Work cat.: (NUST): Lee , William H.K. editor, International handbook of earthquake and engineering seismology /, 2002-2003.
